[Event "EYCC Open-U12 2019"]
[Site "Bratislava"]
[Date "2019.08.10"]
[Round "9.50"]
[White "Ortiz Padro, Pol"]
[Black "Jetzl, Julian"]
[Result "0-1"]
[WhiteElo "1546"]
[BlackElo "1719"]
[Annotator "NA RC"]
[PlyCount "86"]
[EventDate "2019.08.02"]
[EventType "swiss"]
[EventCountry "SVK"]
[SourceTitle "playchess.com"]
[Source "ChessBase"]
[SourceQuality "1"]
[TimeControl "40/5400+30:1800+30"]

1. e4 {[%emt 0:00:00]} c5 {[%emt 0:00:00]} 2. Nc3 {[%emt 0:00:00]} e6 {[%emt 0:00:00]} 3. g3 {[%emt 0:00:02]} a6 {[%emt 0:00:02]} 4. Bg2 {[%emt 0:01:10]} b5 {[%emt 0:00:05]} 5. d3 {[%emt 0:00:24]} Bb7 {[%emt 0:00:33]} 6. f4 {[%emt 0:02:20]} d5 {[%emt 0:00:54]} 7. e5 {[%emt 0:01:15]} h5 {[%emt 0:00:21]} 8. h3 {[%emt 0:00:54]} Ne7 {[%emt 0:00:15]} 9. Nf3 {[%emt 0:03:24]} Nf5 {[%emt 0:03:09]} 10. Ne2 {[%emt 0:01:30]} Nd7 {[%emt 0:03:58]} 11. d4 {[%emt 0:00:27]} Qb6 {[%emt 0:06:16]} 12. c3 {[%emt 0:02:45]} cxd4 {[%emt 0:06:39]} 13. cxd4 {[%emt 0:00:22]} Bb4+ {[%emt 0:00:44]} 14. Kf1 {[%emt 0:03:10]} Qd8 {[%emt 0:02:22]} 15. a3 {[%emt 0:00:22]} Be7 {[%emt 0:02:12]} 16. Kg1 {[%emt 0:06:46]} a5 {[%emt 0:01:01]} 17. b3 {[%emt 0:00:21]} Ba6 {[%emt 0:00:18]} 18. Kh2 {[%emt 0:02:08]} Nf8 {[%emt 0:09:33]} 19. h4 {[%emt 0:04:31]} Nh6 {[%emt 0:02:19]} 20. Bh3 {[%emt 0:01:55]} Ng4+ {[%emt 0:00:52]} 21. Bxg4 {[%emt 0:01:00]} hxg4 {[%emt 0:00:18]} 22. Nd2 {[%emt 0:02:00]} Ng6 {[%emt 0:01:25]} 23. Kg2 {[%emt 0:00:44]} Qb6 {[%emt 0:01:52]} 24. Bb2 {[%emt 0:01:56]} b4 {[%emt 0:04:32]} 25. a4 {[%emt 0:00:57]} Bd3 {[%emt 0:00:53]} 26. Nc1 {[%emt 0:00:56]} Bf5 {[%emt 0:00:26]} 27. h5 {[%emt 0:02:35]} Nf8 {[%emt 0:00:28]} 28. Qe2 {[%emt 0:01:11]} Rc8 {[%emt 0:01:48]} 29. Ra2 {[%emt 0:06:06]} Rc2 {[%emt 0:01:11]} 30. Kf1 {[%emt 0:08:14]} Be4 {[%emt 0:01:32]} 31. Rh2 {[%emt 0:01:40]} Qc7 {[%emt 0:03:29]} 32. Qb5+ {[%emt 0:02:08]} Nd7 {[%emt 0:00:30]} 33. Nd3 {[%emt 0:00:28]} Bxd3+ {[%emt 0:01:04]} 34. Qxd3 {[%emt 0:00:08]} Rxb2 {[%emt 0:01:05]} 35. Rxb2 {[%emt 0:00:36]} Qc1+ {[%emt 0:00:08]} 36. Ke2 {[%emt 0:02:25]} Qxb2 {[%emt 0:00:11]} 37. Ke3 {[%emt 0:00:36]} Qc3 {[%emt 0:00:24]} 38. Nf1 {[%emt 0:00:41]} O-O {[%emt 0:01:20]} 39. Rc2 {[%emt 0:00:34]} Qxd3+ {[%emt 0:01:11]} 40. Kxd3 {[%emt 0:00:00]} f5 {[%emt 0:00:00]} 41. Ne3 {[%emt 0:02:14]} Bd8 {[%emt 0:09:45]} 42. Rh2 {[%emt 0:01:26]} Kf7 {[%emt 0:00:21]} 43. h6 {[%emt 0:00:28]} Rh8 0-1

[Event "EYCC Open-U12 2019"]
[Site "Bratislava"]
[Date "2019.08.10"]
[Round "9.51"]
[White "Knudsen, Philip Uhre"]
[Black "Lavrencic, Matic"]
[Result "1-0"]
[WhiteElo "1590"]
[BlackElo "1564"]
[Annotator "NA RC"]
[PlyCount "61"]
[EventDate "2019.08.02"]
[EventType "swiss"]
[EventCountry "SVK"]
[SourceTitle "playchess.com"]
[Source "ChessBase"]
[SourceQuality "1"]
[TimeControl "40/5400+30:1800+30"]

1. e4 {[%emt 0:00:00]} c5 {[%emt 0:00:00]} 2. Nf3 {[%emt 0:00:00]} e6 {[%emt 0:00:00]} 3. d4 {[%emt 0:00:00]} cxd4 {[%emt 0:00:00]} 4. Nxd4 {[%emt 0:00:00]} Nf6 {[%emt 0:00:00]} 5. Nc3 {[%emt 0:00:35]} d6 {[%emt 0:00:02]} 6. Bd3 {[%emt 0:01:35]} a6 {[%emt 0:03:18]} 7. O-O {[%emt 0:01:50]} b5 {[%emt 0:00:18]} 8. a4 {[%emt 0:04:59]} b4 {[%emt 0:00:39]} 9. Na2 {[%emt 0:02:47]} e5 {[%emt 0:01:28]} 10. Nb3 {[%emt 0:03:00]} Nc6 {[%emt 0:01:16]} 11. Bd2 {[%emt 0:06:35]} Rb8 {[%emt 0:04:07]} 12. Qe2 {[%emt 0:02:29]} a5 {[%emt 0:05:12]} 13. Bb5 {[%emt 0:02:58]} Bd7 {[%emt 0:00:08]} 14. c3 {[%emt 0:00:46]} bxc3 {[%emt 0:01:22]} 15. Bxc3 {[%emt 0:02:02]} Be7 {[%emt 0:01:41]} 16. Bxc6 {[%emt 0:07:41]} Rxb3 {[%emt 0:01:19]} 17. Bxd7+ {[%emt 0:02:54]} Nxd7 {[%emt 0:00:48]} 18. Qd2 {[%emt 0:03:30]} Nc5 {[%emt 0:01:35]} 19. Bxa5 {[%emt 0:03:29]} Qb8 {[%emt 0:01:22]} 20. Bb4 {[%emt 0:03:54]} Nxe4 {[%emt 0:00:59]} 21. Qd5 {[%emt 0:01:03]} Rxb4 {[%emt 0:01:12]} 22. Nxb4 {[%emt 0:00:10]} Qxb4 {[%emt 0:00:04]} 23. Qc6+ {[%emt 0:00:26]} Kd8 {[%emt 0:00:21]} 24. Qa8+ {[%emt 0:00:19]} Kd7 {[%emt 0:00:05]} 25. Qxh8 {[%emt 0:01:19]} g6 {[%emt 0:01:50]} 26. Qa8 {[%emt 0:01:39]} Bh4 {[%emt 0:00:38]} 27. Rac1 {[%emt 0:02:11]} Nc5 {[%emt 0:01:16]} 28. Qd5 {[%emt 0:03:05]} Ke7 {[%emt 0:00:23]} 29. g3 {[%emt 0:04:09]} Bg5 {[%emt 0:00:13]} 30. Rfd1 {[%emt 0:00:26]} Qb6 {[%emt 0:00:53]} 31. a5 {[%emt 0:01:38]} 1-0

[Event "EYCC Open-U12 2019"]
[Site "Bratislava"]
[Date "2019.08.10"]
[Round "9.52"]
[White "Baturina, Marin"]
[Black "Trzebinski, Patryk"]
[Result "0-1"]
[WhiteElo "1573"]
[BlackElo "1679"]
[Annotator "NA RC"]
[PlyCount "114"]
[EventDate "2019.08.02"]
[EventType "swiss"]
[EventCountry "SVK"]
[SourceTitle "playchess.com"]
[Source "ChessBase"]
[SourceQuality "1"]
[TimeControl "40/5400+30:1800+30"]

1. d4 {[%emt 0:00:00]} Nf6 {[%emt 0:00:00]} 2. c4 {[%emt 0:00:00]} e5 {[%emt 0:00:00]} 3. dxe5 {[%emt 0:00:36]} Ne4 {[%emt 0:00:01]} 4. Nf3 {[%emt 0:06:24]} d6 {[%emt 0:01:12]} 5. exd6 {[%emt 0:04:10]} Bxd6 {[%emt 0:00:06]} 6. Nbd2 {[%emt 0:05:04]} Nc5 {[%emt 0:07:00]} 7. e3 {[%emt 0:06:42]} Bf5 {[%emt 0:05:14]} 8. Nb3 {[%emt 0:13:47]} Nbd7 {[%emt 0:15:59]} 9. Nbd4 {[%emt 0:07:42]} Qf6 {[%emt 0:00:55]} 10. b4 {[%emt 0:12:10]} Ne4 {[%emt 0:04:15]} 11. c5 {[%emt 0:02:08]} Be5 {[%emt 0:00:41]} 12. Bb2 {[%emt 0:02:56]} g5 {[%emt 0:03:57]} 13. Bd3 {[%emt 0:04:41]} g4 {[%emt 0:07:06]} 14. Bxe4 {[%emt 0:17:51]} Bxe4 {[%emt 0:00:47]} 15. Nxe5 {[%emt 0:00:29]} Nxe5 {[%emt 0:00:43]} 16. O-O {[%emt 0:03:43]} O-O-O {[%emt 0:03:17]} 17. Qb3 {[%emt 0:01:28]} h5 {[%emt 0:01:04]} 18. Rad1 {[%emt 0:07:54]} h4 {[%emt 0:01:31]} 19. Ne2 {[%emt 0:00:44]} h3 {[%emt 0:11:03]} 20. Bxe5 {[%emt 0:00:45]} Qxe5 {[%emt 0:00:12]} 21. g3 {[%emt 0:00:20]} Qf5 {[%emt 0:05:49]} 22. Rxd8+ {[%emt 0:00:33]} Rxd8 {[%emt 0:01:46]} 23. Nf4 {[%emt 0:00:02]} Bf3 {[%emt 0:02:46]} 24. Qc4 {[%emt 0:00:48]} Rd2 {[%emt 0:05:19]} 25. Qc3 {[%emt 0:00:47]} Qd7 {[%emt 0:00:35]} 26. Qh8+ {[%emt 0:00:27]} Qd8 {[%emt 0:00:01]} 27. Qxd8+ {[%emt 0:00:02]} Kxd8 {[%emt 0:00:02]} 28. a4 {[%emt 0:00:29]} Ra2 {[%emt 0:00:15]} 29. a5 {[%emt 0:00:39]} Rb2 {[%emt 0:00:06]} 30. Nd3 {[%emt 0:00:31]} Rb3 {[%emt 0:00:57]} 31. Ne5 {[%emt 0:00:26]} f6 {[%emt 0:03:31]} 32. Nxf3 {[%emt 0:00:51]} gxf3 {[%emt 0:00:01]} 33. c6 {[%emt 0:00:24]} bxc6 {[%emt 0:01:52]} 34. Rd1+ {[%emt 0:00:26]} Kc8 {[%emt 0:00:51]} 35. Kf1 {[%emt 0:00:06]} Rxb4 {[%emt 0:00:30]} 36. Ke1 {[%emt 0:00:18]} Ra4 {[%emt 0:02:02]} 37. Kd2 {[%emt 0:00:39]} Rxa5 {[%emt 0:00:27]} 38. Kc3 {[%emt 0:00:07]} Ra2 {[%emt 0:01:01]} 39. Rf1 {[%emt 0:00:10]} Kb7 {[%emt 0:00:13]} 40. Kd4 {[%emt 0:00:00]} Ra4+ {[%emt 0:00:00]} 41. Kd3 {[%emt 0:00:46]} f5 {[%emt 0:00:56]} 42. Rb1+ {[%emt 0:01:02]} Ka6 {[%emt 0:00:36]} 43. Rb2 {[%emt 0:00:58]} c5 {[%emt 0:00:22]} 44. Rc2 {[%emt 0:00:27]} Kb5 {[%emt 0:00:10]} 45. Rb2+ {[%emt 0:00:49]} Rb4 {[%emt 0:01:11]} 46. Rxb4+ {[%emt 0:05:26]} Kxb4 {[%emt 0:01:57]} 47. e4 {[%emt 0:05:00]} fxe4+ {[%emt 0:01:28]} 48. Kxe4 {[%emt 0:00:54]} c4 {[%emt 0:00:09]} 49. Kxf3 {[%emt 0:01:13]} c3 {[%emt 0:00:09]} 50. Kg4 {[%emt 0:00:13]} c2 {[%emt 0:00:04]} 51. Kxh3 {[%emt 0:00:13]} c1=Q {[%emt 0:00:09]} 52. f4 {[%emt 0:00:06]} Qc6 {[%emt 0:00:08]} 53. Kg4 {[%emt 0:00:16]} Qg6+ {[%emt 0:00:04]} 54. Kf3 {[%emt 0:00:18]} a5 {[%emt 0:00:06]} 55. h4 {[%emt 0:00:09]} a4 {[%emt 0:00:09]} 56. g4 {[%emt 0:00:04]} Qd3+ {[%emt 0:00:04]} 57. Kf2 {[%emt 0:00:06]} Qe4 {[%emt 0:00:04]} 0-1

[Event "EYCC Open-U12 2019"]
[Site "Bratislava"]
[Date "2019.08.10"]
[Round "9.53"]
[White "Licka, Denis"]
[Black "Isaksson, Max"]
[Result "1-0"]
[WhiteElo "1523"]
[BlackElo "1695"]
[Annotator "NA RC"]
[PlyCount "113"]
[EventDate "2019.08.02"]
[EventType "swiss"]
[EventCountry "SVK"]
[SourceTitle "playchess.com"]
[Source "ChessBase"]
[SourceQuality "1"]
[TimeControl "40/5400+30:1800+30"]

1. e4 {[%emt 0:00:00]} e5 {[%emt 0:00:00]} 2. Nf3 {[%emt 0:00:00]} Nc6 {[%emt 0:00:00]} 3. Bb5 {[%emt 0:00:00]} a6 {[%emt 0:00:00]} 4. Ba4 {[%emt 0:00:00]} Nf6 {[%emt 0:00:00]} 5. d3 {[%emt 0:00:00]} Bc5 {[%emt 0:04:57]} 6. c3 {[%emt 0:00:00]} d6 {[%emt 0:00:31]} 7. O-O {[%emt 0:00:14]} Bg4 {[%emt 0:02:03]} 8. Nbd2 {[%emt 0:00:31]} O-O {[%emt 0:00:41]} 9. Re1 {[%emt 0:00:09]} b5 {[%emt 0:01:59]} 10. Bb3 {[%emt 0:00:05]} Re8 {[%emt 0:08:20]} 11. h3 {[%emt 0:02:04]} Bh5 {[%emt 0:00:35]} 12. Nf1 {[%emt 0:00:07]} h6 {[%emt 0:01:49]} 13. Ng3 {[%emt 0:00:10]} Bg6 {[%emt 0:07:15]} 14. Nh4 {[%emt 0:03:29]} Ne7 {[%emt 0:05:47]} 15. Nxg6 {[%emt 0:02:32]} Nxg6 {[%emt 0:00:27]} 16. Nf5 {[%emt 0:00:41]} Ne7 {[%emt 0:02:22]} 17. Qf3 {[%emt 0:01:09]} Nxf5 {[%emt 0:06:51]} 18. Qxf5 {[%emt 0:01:21]} Qd7 {[%emt 0:05:44]} 19. Qxd7 {[%emt 0:01:07]} Nxd7 {[%emt 0:01:36]} 20. Bd5 {[%emt 0:00:14]} Rab8 {[%emt 0:01:15]} 21. b4 {[%emt 0:14:51]} Bb6 {[%emt 0:06:01]} 22. Bc6 {[%emt 0:02:32]} Rbd8 {[%emt 0:08:56]} 23. a4 {[%emt 0:02:05]} bxa4 {[%emt 0:04:14]} 24. Rxa4 {[%emt 0:00:15]} Rf8 {[%emt 0:03:08]} 25. Bxd7 {[%emt 0:00:21]} Rxd7 {[%emt 0:00:05]} 26. Rxa6 {[%emt 0:00:09]} Rdd8 {[%emt 0:00:00]} 27. Be3 {[%emt 0:00:34]} Bxe3 28. fxe3 {[%emt 0:00:24]} Rfe8 {[%emt 0:01:44]} 29. Ra7 {[%emt 0:00:40]} Rd7 {[%emt 0:00:06]} 30. Rea1 {[%emt 0:00:07]} Kf8 {[%emt 0:00:27]} 31. Ra8 {[%emt 0:01:33]} Rxa8 {[%emt 0:00:59]} 32. Rxa8+ {[%emt 0:00:06]} Ke7 {[%emt 0:00:03]} 33. Kf2 {[%emt 0:01:32]} Ke6 {[%emt 0:01:14]} 34. Re8+ {[%emt 0:01:03]} Kf6 {[%emt 0:00:07]} 35. Rc8 {[%emt 0:00:12]} Ke6 {[%emt 0:00:07]} 36. Ke2 {[%emt 0:00:11]} Re7 {[%emt 0:00:43]} 37. Kd2 {[%emt 0:00:15]} Kd7 {[%emt 0:00:02]} 38. Rg8 {[%emt 0:01:07]} g6 {[%emt 0:00:09]} 39. g4 {[%emt 0:00:43]} Re6 {[%emt 0:00:31]} 40. h4 {[%emt 0:00:00]} Re8 {[%emt 0:00:00]} 41. Rxe8 {[%emt 0:06:58]} Kxe8 {[%emt 0:08:37]} 42. Kc2 {[%emt 0:00:19]} Ke7 {[%emt 0:00:05]} 43. Kb3 {[%emt 0:00:19]} Ke6 {[%emt 0:00:10]} 44. Ka4 {[%emt 0:01:43]} f5 {[%emt 0:00:34]} 45. exf5+ {[%emt 0:01:32]} gxf5 {[%emt 0:00:07]} 46. gxf5+ {[%emt 0:00:07]} Kxf5 {[%emt 0:00:23]} 47. Kb5 {[%emt 0:00:09]} Kg4 {[%emt 0:00:31]} 48. Kc6 {[%emt 0:00:09]} Kxh4 {[%emt 0:00:13]} 49. Kxc7 {[%emt 0:00:09]} Kg3 {[%emt 0:00:10]} 50. b5 {[%emt 0:00:11]} Kf3 {[%emt 0:00:51]} 51. b6 {[%emt 0:00:12]} Kxe3 {[%emt 0:00:04]} 52. b7 {[%emt 0:00:07]} Kxd3 {[%emt 0:00:15]} 53. Kxd6 {[%emt 0:01:40]} e4 {[%emt 0:00:05]} 54. b8=Q {[%emt 0:00:10]} Kxc3 {[%emt 0:00:05]} 55. Qb1 {[%emt 0:00:56]} e3 {[%emt 0:00:10]} 56. Qe1+ {[%emt 0:00:06]} Kd3 {[%emt 0:00:04]} 57. Ke5 {[%emt 0:00:11]} 1-0

[Event "EYCC Open-U12 2019"]
[Site "Bratislava"]
[Date "2019.08.10"]
[Round "9.54"]
[White "Musaev, Matej Elbek"]
[Black "Grishin, Petr E."]
[Result "1/2-1/2"]
[WhiteElo "1693"]
[BlackElo "1506"]
[Annotator "NA RC"]
[PlyCount "125"]
[EventDate "2019.08.02"]
[EventType "swiss"]
[EventCountry "SVK"]
[SourceTitle "playchess.com"]
[Source "ChessBase"]
[SourceQuality "1"]
[TimeControl "40/5400+30:1800+30"]

1. e4 c6 2. Nf3 d5 3. Nc3 Nf6 4. e5 Ne4 5. d4 Nxc3 6. bxc3 Bf5 7. Bd3 Bxd3 8. Qxd3 e6 9. O-O Be7 10. Be3 O-O 11. Rab1 b6 12. Nd2 c5 13. f4 cxd4 14. cxd4 Nc6 15. c3 Rc8 16. Rf3 f5 17. exf6 Bxf6 18. Rh3 g6 19. Nf3 Qc7 20. Bd2 Na5 21. Ne5 Nc4 22. Bc1 Bg7 23. Rb3 a5 24. Qe2 Nd6 25. Qg4 Rfe8 26. Qh4 Bxe5 27. fxe5 Nf5 28. Qg4 Qc4 29. Bg5 b5 30. Bf6 Rc7 31. Qd1 b4 32. g4 Ne7 33. Qd2 Nc6 34. Rg3 Ra7 35. cxb4 Qxd4+ 36. Qxd4 Nxd4 37. Rb2 axb4 38. Rd3 Nc6 39. h4 Rea8 40. Rdd2 Ra4 41. Rg2 Nd4 42. h5 g5 43. Rgf2 h6 44. Be7 Nc6 45. Bd6 Kg7 46. Rfc2 R8a6 47. Kf2 d4 48. Kf1 d3 49. Rc4 Rxa2 50. Rxa2 Rxa2 51. Ke1 b3 52. Rxc6 b2 53. Rc7+ Kg8 54. Rc8+ Kf7 55. Rc7+ Ke8 56. Rc8+ Kd7 57. Rc7+ Kd8 58. Rb7 Ra1+ 59. Kd2 b1=Q 60. Rxb1 Rxb1 61. Bf8 Rb5 62. Bxh6 Ke8 63. Bxg5 1/2-1/2